| 000 | 00954nam a2200181Ia 4500 | ||
|---|---|---|---|
| 008 | 090630s9999 xx 000 0 und d | ||
| 082 | _b17681 | ||
| 100 | _aशर्मा चंद्रीका प्रसाद अनु. ऊर्ध्वरेषे बाळ. | ||
| 245 |
_aअटलबिहारी वाजपेयी. _cशर्मा चंद्रीका प्रसाद अनु. ऊर्ध्वरेषे बाळ. |
||
| 260 | _bउत्कर्ष - पुणे. | ||
| 300 | _a0 | ||
| 600 | _aशर्मा चंद्रीका प्रसाद अनु. ऊर्ध्वरेषे बाळ. | ||
| 630 | _aअटलबिहारी वाजपेयी. | ||
| 655 | _aइतर. | ||
| 700 | _aशर्मा चंद्रीका प्रसाद अनु. ऊर्ध्वरेषे बाळ. | ||
| 730 | _aअटलबिहारी वाजपेयी. | ||
| 942 | _cBOOK | ||
| 999 |
_c269537 _d269537 |
||